Production and Operations Mgt. (Record no. 3181)

MARC details
000 -LEADER
fixed length control field 00384nam a22001697a 4500
005 - DATE AND TIME OF LATEST TRANSACTION
control field 20160618170123.0
008 - FIXED-LENGTH DATA ELEMENTS--GENERAL INFORMATION
fixed length control field 160618b xxu||||| |||| 00| 0 eng d
020 ## - INTERNATIONAL STANDARD BOOK NUMBER
ISBN 0-19-369087
041 ## - LANGUAGE CODE
Language code of text/sound track or separate title eng
082 ## - DEWEY DECIMAL CLASSIFICATION NUMBER
Item number 8309
100 ## - MAIN ENTRY--AUTHOR NAME
Personal name Bedi, Kavishka
245 ## - TITLE STATEMENT
Title Production and Operations Mgt.
260 ## - PUBLICATION, DISTRIBUTION, ETC. (IMPRINT)
Name of publisher Oxford
300 ## - PHYSICAL DESCRIPTION
Number of Pages 783
650 ## - SUBJECT ADDED ENTRY--TOPICAL TERM
Topical Term Management
942 ## - ADDED ENTRY ELEMENTS (KOHA)
Koha item type Books
Holdings
Lost status Damaged status Collection code Home library Current library Shelving location Date acquired Cost, normal purchase price Full call number Accession Number Koha item type
    MANAGEMENT JRU Library JRU Library SHELF- 68 A 18/06/2016 375.00 8309 8309 Books
    MANAGEMENT JRU Library JRU Library SHELF- 68 A 18/06/2016 375.00 8309 8310 Books
    MANAGEMENT JRU Library JRU Library SHELF- 68 A 18/06/2016 375.00 8309 8311 Books
    MANAGEMENT JRU Library JRU Library SHELF- 68 A 18/06/2016 375.00 8309 8312 Books